Nabalení baliči balili obaly...

Teória obalov a ich funkcie. Obal ako významný marketingový nástroj. Kritériá výberu vhodného obalu. Prínosy správnej voľby obalu pre výrobcu.

Guardado en:
Detalles Bibliográficos
Autor principal: Krajmerová, Eva
Formato: Capítulo de libro
Lenguaje:eslovaco
Materias:
Etiquetas: Agregar Etiqueta
Sin Etiquetas, Sea el primero en etiquetar este registro!

MARC

LEADER 00000naa a2200000 4500
001 r032607
005 20230929112523.0
041 0 |a slo 
044 |a SK 
245 1 0 |a Nabalení baliči balili obaly...  |c Eva Krajmerová 
520 |a Teória obalov a ich funkcie. Obal ako významný marketingový nástroj. Kritériá výberu vhodného obalu. Prínosy správnej voľby obalu pre výrobcu. 
610 2 0 |a obaly 
610 2 0 |a technika obalová 
610 2 0 |a balenie 
610 2 0 |a nástroje marketingové 
100 1 |a Krajmerová, Eva